000 00606nam a2200205Ia 4500
003 GCL
005 20240530105055.0
008 140319s9999 xx 000 0 ara d
040 _aGCL /
_cGCL
082 0 4 _a615.1
_bب م
100 1 _aد.و.بايبر
245 1 0 _aمبادئ علم الادوية والعلاج /
_cد.و.بايبر
260 _aالقاهرة :
_bمؤسسة الاهرام ،
_c1987
300 _a178
650 0 4 _aالادوية
650 0 4 _aالعقاقير
700 1 _aدوجلاس و.بايبر
700 1 _aزينب حلمى حسين (مترجم)
942 _2ddc
_cBK
999 _c52940
_d52940